| 000 | 00616nam a22001457a 4500 | ||
|---|---|---|---|
| 020 | _a978-81-264-5080-0 | ||
| 082 |
_a894.812.3 _bBEN/M |
||
| 100 | _aBENYAMIN | ||
| 245 | _aMULLAPPOONIRAMULLA PAKALUKAL | ||
| 246 |
_aMULLAPPOONIRAMULLA PAKALUKAL _bMULLAPPOONIRAMULLA PAKALUKAL |
||
| 260 |
_aKERALA _bD. C _c2013 |
||
| 300 | _a294 | ||
| 520 | _aIt tells the story of Sameera Parvin, a young Pakistani woman who works as a radio jockey in an unnamed Middle Eastern country which is on the verge of revolution. First published in 2014 as Mullappoo Niramulla Pakalukal, the novel won the inaugural JCB Prize. | ||
| 942 | _cBK | ||
| 999 |
_c8419 _d8419 |
||